01111nam a22002537a 4500003000200000005001700002008004100019050002300060100003000083245016600113260007100279300002600350500003600376504005600412650005000468650004600518700003200564700003200596700003500628700003400663942001200697999001900709952012900728020250211150115.0250211b xxu||||| |||| 00| 0 eng d aR 727.3b.P47 2024 aSantos, Karylle Alyssa B. aPerception and attitude of selected muntiparlas physicians in utilizing teleconsultation with a standard of practice in telemedicine cKarylle Alyssa B. Santos aLas Pinas CitybSouthville International School and Collegesc2024 aix, 152 pages;c28cm. aBachelor of Science in Nursing. aIncludes bibliographical references and appendices. aPhysician attitudes—Telehealth utilization. aMedical communication—Teleconsultation. aSekiguchi, Sofia Venisse B. aSevilla, Danika Arianna A.  aSoller, Loise Anne Jarylle R.  aTenedero, Ma. Aliya Ysabel M. 2lcccTH c367171d367171 00102lcc40aCLbCLcTHESESd2025-02-11eDONATIONkTHESESl0oR 727.3 .P47 2024pT1382r2025-02-11 00:00:00w2025-02-11yTH